000 00678cam a2200229 a 4500
001 2145928
003 OSt
005 20240619125313.0
008 980612m19989999caua b 001 0 eng
010 _a 98086469
020 _a0125443609
040 _aDDC
_cMUST
082 0 0 _a532 PAI 1998
_222
100 1 _aPaidoussis, Michael P.
_917522
245 1 0 _aFluid-structure interactions :
_bslender structures and axial flow /
_cMichael P. Paidoussis.
260 _aSan Diego,
_bAcademic Press, Inc.,
_c1998
300 _axiv,572p.:
_bill. ;
_c25 cm.
504 _aIncludes bibliographical references and index.
650 0 _aPhysics
_9809
856 4 2 _3n
942 _2ddc
_cO_SHELF
999 _c8664
_d8664